MDQL
is popping MORE tags! Check the
thread
!
Quizzes
Events
Quiz Creation
Community
Videos
Private Events
Remove Ads
Sign In
Join for FREE
Feedback
Dark Mode
Quiz Categories
Sports
Geography
Music
Movies
Television
Just For Fun
Miscellaneous
History
Literature
Language
Science
Gaming
Entertainment
Religion
Holiday
For Kids
Quiz Lab
Recent
Popular Today
Quiz Kudos Today
Editor Picks
Curator Picks
Quizzes by...
Day
Popularity
Type
Ratings
Length
Year
Community
Subscriptions
Recent Discussions
Orange Saloon
Badges
Playlists
Quests
Create
Leaderboards
Showdown
Live 5
Trivia Bingo
Activity
Puzzle Library
Sporcle Events
Private Events
Virtual Trivia
Globe League
Become a Host
Pub Owners
SporcleCon
Opinionation
Our Games
Videos
Blog
Mobile Apps
Partnerships
Remove Ads and Go Orange
Feedback
Miscellaneous
Crossword
General Knowledge
Baby Names
Logo
Food
Cars
Numbers
Grab Bag
University
College
Popular
Company
Slogans
Restaurants
Justice
Letter
Miscellaneous
Crossword
General Knowledge
Baby Names
Logo
Food
Cars
Numbers
Grab Bag
University
College
Popular
Company
Slogans
Restaurants
Justice
Letter
Random Quiz
Search Sporcle
×
Quiz Lab
Quiz Lab
Miscellaneous
girl
Type in answers that appear in a list
Type in answers that appear in a list
Classic
Best Score? Go Orange.
Top 300 Baby Girl Names of 1914 in the U.S. Stats
Can you name the Top 300 Baby Girl Names of 1914 in the U.S.?
By
quizez
20m
300 Questions
134 Plays
134 Plays
134 Plays
Comments
Comments
Give Quiz Kudos
Give Quiz Kudos
-
- Ratings
hide this ad
More Info
Replay
Link that replays current quiz
Next Quiz
Link to next quiz in quiz playlist
You Got
0%
They Got
Avg Score
60%
Avg Friend Score
Upgrade to see
Score Distribution
Jump to the score distribution portion of the page
Score
0/300
Timer
20:00
0
Plays Today
1914
Baby Names
% Correct
1.
Mary
97%
40.
Ann
96.3%
2.
Helen
95.5%
4.
Margaret
95.5%
53.
Anne
95.5%
15.
Rose
94%
18.
Catherine
94%
108.
Sara
94%
135.
Maria
94%
6.
Anna
93.3%
59.
Laura
93.3%
8.
Elizabeth
92.5%
10.
Marie
92.5%
47.
Sarah
92.5%
296.
Eliza
92.5%
62.
Betty
91.8%
71.
Jane
91.8%
39.
Emma
91%
48.
Katherine
91%
145.
Victoria
90.3%
3.
Dorothy
89.6%
86.
Ellen
89.6%
201.
Patricia
89.6%
5.
Ruth
88.8%
12.
Alice
88.8%
54.
Jean
88.8%
98.
Emily
88.8%
25.
Grace
88.1%
200.
Susan
88.1%
9.
Frances
87.3%
35.
Esther
87.3%
250.
Carol
87.3%
285.
Olivia
87.3%
33.
Annie
86.6%
88.
Charlotte
86.6%
17.
Louise
85.8%
24.
Ruby
85.8%
104.
Rosa
85.8%
217.
Joan
85.8%
27.
Martha
85.1%
92.
Theresa
85.1%
148.
Caroline
85.1%
162.
Rebecca
85.1%
23.
Josephine
84.3%
42.
Julia
84.3%
73.
Lucy
84.3%
235.
Teresa
84.3%
244.
Amy
84.3%
52.
Eva
83.6%
102.
Nancy
83.6%
110.
Kathleen
83.6%
117.
Christine
83.6%
143.
Nora
83.6%
11.
Evelyn
82.8%
16.
Lillian
82.8%
82.
Barbara
82.8%
151.
Rachel
82.8%
31.
Edith
82.1%
36.
Doris
82.1%
37.
Clara
81.3%
68.
Vera
80.6%
72.
Ella
80.6%
127.
Olive
80.6%
13.
Florence
79.9%
19.
Edna
79.9%
22.
Irene
79.9%
34.
Pauline
79.9%
63.
Kathryn
79.9%
141.
Maggie
79.9%
175.
May
79.9%
30.
Lucille
79.1%
105.
Cora
79.1%
176.
Veronica
79.1%
297.
Kate
79.1%
83.
Violet
78.4%
111.
Harriet
78.4%
121.
Dora
78.4%
167.
Katie
78.4%
126.
Daisy
77.6%
212.
Angela
77.6%
258.
Millie
77.6%
28.
Eleanor
76.9%
32.
Gertrude
76.9%
153.
Rosie
76.9%
156.
Amelia
76.9%
163.
Janet
76.1%
90.
Marian
75.4%
106.
Ada
75.4%
179.
Isabel
75.4%
218.
Claire
75.4%
65.
Stella
74.6%
14.
Virginia
73.9%
131.
Flora
73.9%
180.
Isabelle
73.9%
249.
Hannah
73.9%
21.
Ethel
73.1%
64.
Jessie
73.1%
7.
Mildred
72.4%
38.
Beatrice
72.4%
50.
Marion
72.4%
1914
Baby Names
% Correct
85.
Mae
72.4%
41.
Bertha
71.6%
169.
Carolyn
71.6%
171.
Nina
71.6%
75.
Lena
70.9%
87.
Rita
70.9%
138.
Audrey
70.9%
168.
Lydia
70.9%
20.
Gladys
70.1%
26.
Thelma
70.1%
74.
Lillie
70.1%
139.
Sally
70.1%
159.
Eileen
70.1%
229.
Sophia
70.1%
49.
Ida
69.4%
56.
Pearl
69.4%
124.
Sadie
69.4%
132.
June
69.4%
174.
Bonnie
69.4%
208.
Jeanne
69.4%
232.
Nell
69.4%
291.
Helena
69.4%
100.
Sophie
68.7%
107.
Georgia
68.7%
233.
Annette
68.7%
283.
Josie
68.7%
43.
Bernice
67.9%
45.
Marjorie
67.9%
46.
Elsie
67.9%
61.
Nellie
67.9%
69.
Alma
67.9%
91.
Carrie
67.9%
113.
Phyllis
67.9%
44.
Agnes
67.2%
57.
Viola
67.2%
77.
Jennie
67.2%
160.
Shirley
67.2%
29.
Hazel
66.4%
55.
Bessie
66.4%
67.
Minnie
66.4%
81.
Vivian
66.4%
95.
Wilma
66.4%
123.
Geraldine
66.4%
134.
Naomi
66.4%
140.
Henrietta
66.4%
187.
Adele
66.4%
58.
Mabel
65.7%
97.
Hattie
65.7%
186.
Anita
65.7%
225.
Rosemary
65.7%
253.
Iris
65.7%
246.
Leah
64.9%
130.
Susie
64.2%
144.
Lola
64.2%
150.
Jeanette
64.2%
51.
Lois
63.4%
66.
Willie
63.4%
221.
Elaine
63.4%
286.
Gracie
63.4%
103.
Hilda
62.7%
112.
Estelle
62.7%
146.
Irma
62.7%
203.
Mollie
62.7%
259.
Adelaide
62.7%
268.
Amanda
62.7%
164.
Wanda
61.9%
292.
Billie
61.2%
93.
Velma
60.4%
128.
Norma
60.4%
158.
Roberta
60.4%
234.
Cecilia
60.4%
70.
Sylvia
59.7%
211.
Constance
59.7%
96.
Beulah
58.2%
178.
Sallie
58.2%
84.
Marguerite
57.5%
155.
Dolores
57.5%
195.
Angelina
57.5%
94.
Juanita
56.7%
191.
Regina
56.7%
248.
Joyce
56.7%
89.
Opal
56%
276.
Belle
56%
142.
Lottie
55.2%
161.
Winifred
55.2%
192.
Maude
55.2%
231.
Helene
55.2%
78.
Mattie
54.5%
264.
Winnie
54.5%
265.
Gwendolyn
54.5%
116.
Madeline
53.7%
237.
Estella
53.7%
120.
Lula
53%
165.
Della
53%
209.
Arlene
53%
226.
Lila
53%
76.
Genevieve
52.2%
181.
Essie
52.2%
193.
Celia
52.2%
216.
Etta
52.2%
1914
Baby Names
% Correct
241.
Matilda
52.2%
270.
Peggy
52.2%
60.
Myrtle
51.5%
109.
Eunice
51.5%
122.
Loretta
51.5%
166.
Adeline
51.5%
189.
Jeannette
51.5%
213.
Margie
51.5%
152.
Lorraine
50.7%
154.
Nettie
50.7%
119.
Alberta
50%
147.
Erma
50%
205.
Sue
50%
80.
Blanche
49.3%
99.
Fannie
49.3%
245.
Janie
48.5%
214.
Selma
47.8%
188.
Addie
47%
206.
Angeline
47%
182.
Dorothea
46.3%
125.
Verna
45.5%
230.
Flossie
45.5%
261.
Natalie
45.5%
274.
Harriett
45.5%
293.
Myra
45.5%
79.
Leona
44.8%
172.
Fern
44%
223.
Fay
44%
228.
Lizzie
44%
269.
Carmen
44%
281.
Allie
44%
196.
Cecelia
43.3%
149.
Miriam
42.5%
215.
Rosalie
42.5%
114.
Maxine
41.8%
137.
Mable
41.8%
190.
Ora
41.8%
300.
Dollie
41.8%
194.
Freda
41%
255.
Lee
41%
256.
Tillie
41%
184.
Effie
40.3%
199.
Eloise
40.3%
298.
Hester
40.3%
239.
Ina
39.6%
242.
Elma
39.6%
101.
Inez
38.8%
115.
Mamie
38.8%
157.
Eula
38.8%
177.
Ollie
38.8%
219.
Ola
38.8%
263.
Francis
38.8%
247.
Nannie
38.1%
272.
Eugenia
38.1%
295.
Annabelle
38.1%
133.
Muriel
37.3%
136.
Olga
37.3%
198.
Faye
37.3%
294.
Callie
36.6%
243.
Ernestine
35.1%
254.
Elvira
35.1%
204.
Frieda
32.8%
207.
Iva
32.8%
118.
Geneva
31.3%
290.
Lorena
31.3%
224.
Elva
30.6%
202.
Lela
29.9%
170.
Antoinette
29.1%
266.
Laverne
26.1%
278.
Cornelia
26.1%
257.
Virgie
25.4%
129.
Lucile
24.6%
280.
Cecile
23.9%
183.
Marcella
23.1%
262.
Rena
22.4%
238.
Reba
21.6%
279.
Melba
21.6%
185.
Lorene
20.9%
197.
Cleo
20.9%
267.
Ila
20.9%
287.
Gussie
20.9%
227.
Alta
20.1%
240.
Johnnie
20.1%
260.
Lenora
20.1%
275.
Elinor
20.1%
173.
Goldie
18.7%
210.
Luella
17.2%
236.
Jewel
17.2%
222.
Leola
15.7%
271.
Zelma
15.7%
289.
Imogene
15.7%
288.
Lessie
14.9%
251.
Eleanore
14.2%
252.
Elnora
13.4%
273.
Edythe
10.4%
277.
Neva
10.4%
220.
Jewell
9.7%
284.
Carmela
9.7%
282.
Letha
6.7%
299.
Concetta
5.2%
Quiz Playlist
Details
Report
Send in Message
Add To Playlist
More Info:
Type in the baby girl names that you think were popular in 1914 according to ssa. Spellings are not combined.
Classic:
Type in answers that appear in a list
Last Updated: Nov 19, 2022
Quiz Scoreboard
CHALLENGE
Sign Up to Join the Scoreboard
Show All
Scores
Hide
Comments
May contain spoilers
Recently Published
1-10 Letter E Words III
by El_Dandy
Language
2m
Street Fighter Characters
by Artimus82
Gaming
60s
College Basketball Coaching Resumes
by pancakes188
Sports
9m
More to Explore
Quiz From the Vault
Featured Blog Post
Where Did the Easter Bunny Come From?
hide this ad
You Might Also Like...
Tags
1914
300
Baby
Baby Girl
girl
Today's Top Quizzes in Miscellaneous
Browse Miscellaneous
hide this ad
Today's Top Quizzes in girl
Browse girl
Top Contributed Quizzes in Miscellaneous
1
5-to-1: Fast Food
2
The JOE quick-fire general knowledge quiz: Day 174
3
The JOE quick-fire general knowledge quiz: Day 173
4
5-to-1: Cocktails
5
The JOE quick-fire general knowledge quiz: Day 172
6
9x9 Crossword: Disney Movie Titles
7
9x9 Crossword: Charlie and the Chocolate Factory
8
Sunday Crossword: Famous Bodies of Water
9
9x9 Crossword: Flags
10
The JOE quick-fire general knowledge quiz: Day 171
Explore More
Trending Topics
Crossword
Anime
Harry Potter
Marvel
Kpop
NBA
Disney
The Office
NFL
Country
Soccer
Pokémon
WWE
Puzzle
Song
hide this ad
More By:
quizez
Quiz
Plays
Rating
Category
Featured
Created
Duggar Family
2,091
5.00
Television
Jul 22, 2017
Bates Family Names
1,233
Television
May 4, 2018
Top 300 Baby Boy Names of 1955 in the U.S.
1,204
5.00
Miscellaneous
Sep 9, 2017
Top 300 Baby Girl Names in 1980 of the U.S.
877
5.00
Miscellaneous
Jun 6, 2017
Top 300 Baby Boy Names of 2022 in the U.S.
821
5.00
Miscellaneous
May 12, 2023
Go to Creator's Profile
Score Distribution
Quiz Creator Spotlight
quizez
Follow
Send a Message
Quizzes Created
-
Created Quiz Play Count
-
More By This Creator
Popular Quizzes Today
1
Find the US States - No Outlines Minefield
2
Find the Countries of Europe - No Outlines Minefield
3
Find the US States
4
The Countries of the World
5
Risky Map Clicking: Biggest States A-Z
6
US States
7
Popular People in 1961
8
Movies - When Are They Set?
More Miscellaneous Quizzes
Girl Names: Most Top 100 Appearances
Published
Trending Quizzes
Risky Map Clicking: Least Populous States A-Z
1-10 Letter G Words
Countries of the World: 200 Million BC
1-10 Letter F Words
Risky Map Clicking: Next State Alphabetically
Recently Updated
Rides in Walt Disney World
pecheneg
Most Oscar Losses (Acting)
pecheneg
Beyoncé Albums
pecheneg
Leaping Animals
pecheneg
Reality TV Shows (A-Z)
bhenderson79
Rickey Henderson's Hall of Fame Teammates
pecheneg
Champions League XIs: Arsenal
pecheneg
Quick Pick: Celebrities in WWE's Hall of Fame
aduchscher
A-Z Keypad Blitz II
pecheneg
Trending Topics
Harry Potter
Anime
Disney
Marvel
Kpop
Crossword
NBA
Pokémon
The Office
Country
WWE
Song
Soccer
Puzzle
NFL
Your Account Isn't Verified!
In order to create a playlist on Sporcle, you need to verify the email address you used during registration. Go to your
Sporcle Settings
to finish the process.
Report this User
Report this user for behavior that violates our
Community Guidelines
.
Details:
Send Report
Go to the Sporcle.com Mobile Site →
Comments